| 000 | 00398cam a2200169ua 4500 | ||
|---|---|---|---|
| 020 | _c3.80 | ||
| 041 |
_aeng _h |
||
| 082 |
_a428 _bJOH/CO |
||
| 100 | _aJohnson, A . | ||
| 245 |
_aCommon english sayings / _cA.Johnson. _hTextual Documents |
||
| 260 |
_aLondon : _bLongman Green and Co , _c1959. |
||
| 300 | _a152 ; . | ||
| 365 | _a3.80 | ||
| 504 | _a | ||
| 942 | _cBK | ||
| 999 |
_c8718 _d8718 |
||